Patient earth (Record no. 12953)
[ view plain ]
| 000 -LEADER | |
|---|---|
| fixed length control field | 00452cam a2200181 4500 |
| 020 ## - INTERNATIONAL STANDARD BOOK NUMBER | |
| ISBN | 0030851033(pbk.) |
| 040 ## - CATALOGING SOURCE | |
| Transcribing agency | DLC |
| 082 00 - DEWEY DECIMAL CLASSIFICATION NUMBER | |
| Classification number | 304 HOL 1971 A013 Or. |
| 100 1# - MAIN ENTRY--AUTHOR NAME | |
| Personal name | Harte, John, |
| 245 10 - TITLE STATEMENT | |
| Title | Patient earth |
| 260 ## - PUBLICATION, DISTRIBUTION, ETC. (IMPRINT) | |
| Place of publication | New York, |
| Name of publisher | Holt, Rinehart and Winston |
| Year of publication | [1971] |
| 300 ## - PHYSICAL DESCRIPTION | |
| Number of Pages | xv, 364 p. |
| Other physical details | illus., maps. |
| Dimensions | 24 cm. |
| 650 #0 - SUBJECT ADDED ENTRY--TOPICAL TERM | |
| Topical Term | Ecology. |
| 650 #0 - SUBJECT ADDED ENTRY--TOPICAL TERM | |
| Topical Term | Pollution. |
| 650 #0 - SUBJECT ADDED ENTRY--TOPICAL TERM | |
| Topical Term | Population. |
| 700 1# - ADDED ENTRY--PERSONAL NAME | |
| Personal name | Socolow, Robert H., |
| 942 ## - ADDED ENTRY ELEMENTS (KOHA) | |
| Koha item type | សៀវភៅភាសាអង់គ្លេស |
No items available.